[Event "April 9 Late 2024"]
[Site "Chess.com"]
[Date "2024.04.09"]
[Round "3"]
[White "Arias Igual, Alejandro"]
[Black "Mullodzhanov, Nathaniel"]
[Result "1-0"]
[Board "112"]
[WhiteFideId "2254905"]
[BlackFideId "30961580"]
[WhiteTitle "FM"]
[WhiteElo "2382"]
[BlackElo "2568"]
[WhiteTeam "ESP"]
[BlackTeam "USA"]
[WhiteClock "0:00:03"]
[BlackClock "0:00:02"]
[Variant "Standard"]

1. e3 {[%clk 0:03:00]}  Nf6 {[%clk 0:02:58]} 2. c4 {[%clk 0:02:59]}  c5 {[%clk 0:02:58]} 3. Nf3 {[%clk 0:02:57]}  g6 {[%clk 0:02:58]} 4. b3 {[%clk 0:02:57]}  Bg7 {[%clk 0:02:58]} 5. Bb2 {[%clk 0:02:57]}  O-O {[%clk 0:02:58]} 6. Be2 {[%clk 0:02:56]}  d6 {[%clk 0:02:59]} 7. O-O {[%clk 0:02:55]}  e5 {[%clk 0:02:59]} 8. d3 {[%clk 0:02:52]}  Nc6 {[%clk 0:02:59]} 9. Nbd2 {[%clk 0:02:49]}  h5 {[%clk 0:02:56]} 10. a3 {[%clk 0:02:43]}  Be6 {[%clk 0:02:52]} 11. Qc2 {[%clk 0:02:27]}  Nd7 {[%clk 0:02:47]} 12. Rfe1 {[%clk 0:02:10]}  h4 {[%clk 0:02:43]} 13. h3 {[%clk 0:02:07]}  f5 {[%clk 0:02:39]} 14. d4 {[%clk 0:01:48]}  Bf7 {[%clk 0:02:14]} 15. dxe5 {[%clk 0:01:38]}  dxe5 {[%clk 0:02:08]} 16. Rad1 {[%clk 0:01:29]}  a5 {[%clk 0:02:06]} 17. Nb1 {[%clk 0:01:27]}  a4 {[%clk 0:02:03]} 18. Nc3 {[%clk 0:01:17]}  e4 {[%clk 0:01:54]} 19. Nh2 {[%clk 0:01:05]}  axb3 {[%clk 0:01:49]} 20. Qxb3 {[%clk 0:01:04]}  Qb6 {[%clk 0:01:37]} 21. Nb5 {[%clk 0:00:59]}  Nde5 {[%clk 0:01:31]} 22. Qc3 {[%clk 0:00:53]}  Nf3+ {[%clk 0:01:29]} 23. gxf3 {[%clk 0:00:53]}  Bxc3 {[%clk 0:01:29]} 24. Bxc3 {[%clk 0:00:54]}  Rfd8 {[%clk 0:01:19]} 25. fxe4 {[%clk 0:00:53]}  fxe4 {[%clk 0:01:17]} 26. Ng4 {[%clk 0:00:53]}  Rxd1 {[%clk 0:01:10]} 27. Rxd1 {[%clk 0:00:46]}  Be6 {[%clk 0:01:00]} 28. Nf6+ {[%clk 0:00:43]}  Kf8 {[%clk 0:00:53]} 29. Nxe4 {[%clk 0:00:42]}  Bxh3 {[%clk 0:00:46]} 30. Rd6 {[%clk 0:00:37]}  Bf5 {[%clk 0:00:32]} 31. Ng5 {[%clk 0:00:33]}  Rd8 {[%clk 0:00:24]} 32. Rf6+ {[%clk 0:00:27]}  Kg8 {[%clk 0:00:24]} 33. e4 {[%clk 0:00:26]}  Rf8 {[%clk 0:00:17]} 34. Rd6 {[%clk 0:00:17]}  Rd8 {[%clk 0:00:14]} 35. Rf6 {[%clk 0:00:16]}  Rf8 {[%clk 0:00:14]} 36. Rd6 {[%clk 0:00:12]}  Bxe4 {[%clk 0:00:10]} 37. Nxe4 {[%clk 0:00:10]}  Kh7 {[%clk 0:00:10]} 38. Bd3 {[%clk 0:00:08]}  Rd8 {[%clk 0:00:06]} 39. Ng5+ {[%clk 0:00:08]}  Kh6 {[%clk 0:00:05]} 40. Rxg6+ {[%clk 0:00:07]}  Kh5 {[%clk 0:00:05]} 41. Bc2 {[%clk 0:00:05]}  Rd1+ {[%clk 0:00:04]} 42. Kg2 {[%clk 0:00:04]}  Rc1 {[%clk 0:00:03]} 43. Nf3 {[%clk 0:00:02]}  Rxc2 {[%clk 0:00:02]} 44. Rg5+ {[%clk 0:00:03]}  Kh6 {[%clk 0:00:03]} 45. Bg7+ {[%clk 0:00:03]}  Kh7 {[%clk 0:00:03]} 46. Bf6 {[%clk 0:00:03]}  Rxc4 {[%clk 0:00:01]} 47. Rg7+ {[%clk 0:00:03]}  Kh6 {[%clk 0:00:02]} 48. Nd6 {[%clk 0:00:03]}  Rd4 {[%clk 0:00:01]} 49. Nf7+ {[%clk 0:00:03]}  Kh5 {[%clk 0:00:02]} 50. Rg5# {[%clk 0:00:03]} 1-0

[Event "April 9 Late 2024"]
[Site "Chess.com"]
[Date "2024.04.09"]
[Round "3"]
[White "Ruperez Benito, Antonio"]
[Black "Kujawski, Adam"]
[Result "1-0"]
[Board "114"]
[WhiteFideId "22245049"]
[BlackFideId "1100920"]
[WhiteTitle "FM"]
[BlackTitle "FM"]
[WhiteElo "2564"]
[BlackElo "2361"]
[WhiteTeam "ESP"]
[BlackTeam "POL"]
[WhiteClock "0:00:17"]
[BlackClock "0:00:08"]
[Variant "Standard"]

1. e4 {[%clk 0:03:00]}  g6 {[%clk 0:03:00]} 2. d4 {[%clk 0:03:00]}  Bg7 {[%clk 0:02:59]} 3. Nc3 {[%clk 0:03:00]}  d6 {[%clk 0:02:59]} 4. Bg5 {[%clk 0:03:00]}  h6 {[%clk 0:02:56]} 5. Be3 {[%clk 0:03:00]}  a6 {[%clk 0:02:55]} 6. a4 {[%clk 0:02:59]}  b6 {[%clk 0:02:55]} 7. h4 {[%clk 0:02:53]}  e6 {[%clk 0:02:54]} 8. h5 {[%clk 0:02:49]}  g5 {[%clk 0:02:54]} 9. Qd2 {[%clk 0:02:48]}  Bb7 {[%clk 0:02:35]} 10. Bd3 {[%clk 0:02:48]}  Nd7 {[%clk 0:02:35]} 11. Nge2 {[%clk 0:02:45]}  Ne7 {[%clk 0:02:17]} 12. f4 {[%clk 0:02:44]}  gxf4 {[%clk 0:02:01]} 13. Bxf4 {[%clk 0:02:42]}  e5 {[%clk 0:01:48]} 14. Be3 {[%clk 0:02:42]}  Nf6 {[%clk 0:01:22]} 15. O-O-O {[%clk 0:02:33]}  Ng4 {[%clk 0:01:16]} 16. Bg1 {[%clk 0:02:30]}  Qd7 {[%clk 0:01:13]} 17. Bc4 {[%clk 0:02:05]}  Nc6 {[%clk 0:00:56]} 18. Rf1 {[%clk 0:01:45]}  exd4 {[%clk 0:00:41]} 19. Nxd4 {[%clk 0:01:43]}  Nxd4 {[%clk 0:00:41]} 20. Bxd4 {[%clk 0:01:44]}  Bxd4 {[%clk 0:00:41]} 21. Qxd4 {[%clk 0:01:45]}  Ne5 {[%clk 0:00:40]} 22. Bd5 {[%clk 0:01:02]}  O-O-O {[%clk 0:00:40]} 23. a5 {[%clk 0:00:59]}  b5 {[%clk 0:00:25]} 24. Rf5 {[%clk 0:00:43]}  c6 {[%clk 0:00:20]} 25. Ba2 {[%clk 0:00:41]}  c5 {[%clk 0:00:20]} 26. Qd2 {[%clk 0:00:25]}  c4 {[%clk 0:00:20]} 27. Nd5 {[%clk 0:00:25]}  Bxd5 {[%clk 0:00:19]} 28. Qxd5 {[%clk 0:00:26]}  Qb7 {[%clk 0:00:19]} 29. Qd4 {[%clk 0:00:17]}  Kb8 {[%clk 0:00:18]} 30. b3 {[%clk 0:00:17]}  Rc8 {[%clk 0:00:15]} 31. bxc4 {[%clk 0:00:16]}  Nxc4 {[%clk 0:00:15]} 32. Bxc4 {[%clk 0:00:17]}  Rxc4 {[%clk 0:00:15]} 33. Qxh8+ {[%clk 0:00:17]}  Rc8 {[%clk 0:00:15]} 34. Qd4 {[%clk 0:00:16]}  Rc5 {[%clk 0:00:12]} 35. Rxc5 {[%clk 0:00:15]}  dxc5 {[%clk 0:00:12]} 36. Qxc5 {[%clk 0:00:16]}  Qxe4 {[%clk 0:00:12]} 37. Rd1 {[%clk 0:00:17]}  Qf4+ {[%clk 0:00:08]} 38. Kb1 {[%clk 0:00:17]} 1-0

[Event "April 9 Late 2024"]
[Site "Chess.com"]
[Date "2024.04.09"]
[Round "3"]
[White "Ladan, Nicholas"]
[Black "Minina, Veronika"]
[Result "1-0"]
[Board "117"]
[WhiteFideId "30918855"]
[BlackFideId "4174780"]
[BlackTitle "WFM"]
[WhiteElo "2560"]
[BlackElo "2353"]
[WhiteTeam "USA"]
[BlackTeam "RUS"]
[WhiteClock "0:00:48"]
[BlackClock "0:00:04"]
[Variant "Standard"]

1. d4 {[%clk 0:03:00]}  Nf6 {[%clk 0:02:53]} 2. Bf4 {[%clk 0:03:00]}  g6 {[%clk 0:02:52]} 3. Nc3 {[%clk 0:03:00]}  Bg7 {[%clk 0:02:53]} 4. e4 {[%clk 0:03:00]}  d6 {[%clk 0:02:52]} 5. Nf3 {[%clk 0:02:57]}  O-O {[%clk 0:02:52]} 6. Qd2 {[%clk 0:02:54]}  c5 {[%clk 0:02:52]} 7. dxc5 {[%clk 0:02:47]}  dxc5 {[%clk 0:02:43]} 8. Rd1 {[%clk 0:02:33]}  Qxd2+ {[%clk 0:02:36]} 9. Rxd2 {[%clk 0:02:32]}  Nc6 {[%clk 0:02:36]} 10. Bb5 {[%clk 0:02:29]}  Nd4 {[%clk 0:02:27]} 11. Be3 {[%clk 0:02:04]}  Nxb5 {[%clk 0:02:05]} 12. Nxb5 {[%clk 0:02:05]}  Nxe4 {[%clk 0:02:05]} 13. Re2 {[%clk 0:02:06]}  Bxb2 {[%clk 0:01:50]} 14. Bh6 {[%clk 0:02:02]}  Nc3 {[%clk 0:01:18]} 15. Nc7 {[%clk 0:01:43]}  Rd8 {[%clk 0:00:24]} 16. Rd2 {[%clk 0:01:24]}  Rxd2 {[%clk 0:00:19]} 17. Nxd2 {[%clk 0:01:25]}  Rb8 {[%clk 0:00:15]} 18. Nc4 {[%clk 0:01:25]}  Na4 {[%clk 0:00:10]} 19. Nxb2 {[%clk 0:01:16]}  Nxb2 {[%clk 0:00:10]} 20. Ke2 {[%clk 0:01:11]}  b6 {[%clk 0:00:10]} 21. Nd5 {[%clk 0:01:02]}  Bg4+ {[%clk 0:00:10]} 22. f3 {[%clk 0:01:01]}  Be6 {[%clk 0:00:10]} 23. Nxe7+ {[%clk 0:00:50]}  Kh8 {[%clk 0:00:11]} 24. Bd2 {[%clk 0:00:48]}  Re8 {[%clk 0:00:11]} 25. Bc3+ {[%clk 0:00:47]}  f6 {[%clk 0:00:04]} 26. Bxf6# {[%clk 0:00:48]} 1-0

[Event "April 9 Late 2024"]
[Site "Chess.com"]
[Date "2024.04.09"]
[Round "3"]
[White "Avila Bautista, Roberto Al"]
[Black "Hoffmann, Asa"]
[Result "1-0"]
[Board "118"]
[WhiteFideId "5119987"]
[BlackFideId "2001470"]
[WhiteTitle "CM"]
[BlackTitle "FM"]
[WhiteElo "2554"]
[BlackElo "2351"]
[WhiteTeam "MEX"]
[BlackTeam "USA"]
[WhiteClock "0:00:09"]
[BlackClock "0:00:00"]
[Variant "Standard"]

1. Nf3 {[%clk 0:03:00]}  d6 {[%clk 0:02:58]} 2. b3 {[%clk 0:02:57]}  e5 {[%clk 0:02:57]} 3. Bb2 {[%clk 0:02:56]}  Nf6 {[%clk 0:02:56]} 4. c4 {[%clk 0:02:56]}  b6 {[%clk 0:02:55]} 5. g3 {[%clk 0:02:55]}  Bb7 {[%clk 0:02:55]} 6. Bg2 {[%clk 0:02:56]}  Nbd7 {[%clk 0:02:54]} 7. O-O {[%clk 0:02:56]}  Be7 {[%clk 0:02:50]} 8. Nc3 {[%clk 0:02:55]}  O-O {[%clk 0:02:47]} 9. d4 {[%clk 0:02:55]}  Re8 {[%clk 0:02:43]} 10. Qd2 {[%clk 0:02:52]}  Bf8 {[%clk 0:02:41]} 11. e3 {[%clk 0:02:50]}  e4 {[%clk 0:02:28]} 12. Ne1 {[%clk 0:02:44]}  g6 {[%clk 0:02:14]} 13. Rc1 {[%clk 0:02:43]}  Bh6 {[%clk 0:02:11]} 14. Nc2 {[%clk 0:02:42]}  c5 {[%clk 0:02:10]} 15. d5 {[%clk 0:02:40]}  Qe7 {[%clk 0:02:05]} 16. Rce1 {[%clk 0:02:21]}  a6 {[%clk 0:02:05]} 17. Na3 {[%clk 0:02:16]}  Nf8 {[%clk 0:01:48]} 18. Qc2 {[%clk 0:02:15]}  Bc8 {[%clk 0:01:42]} 19. Nab1 {[%clk 0:02:14]}  Bg4 {[%clk 0:01:28]} 20. Nd2 {[%clk 0:02:12]}  Bg7 {[%clk 0:01:20]} 21. Ndxe4 {[%clk 0:01:57]}  Nxe4 {[%clk 0:01:18]} 22. Nxe4 {[%clk 0:01:58]}  Bf5 {[%clk 0:01:13]} 23. Bxg7 {[%clk 0:01:57]}  Bxe4 {[%clk 0:01:08]} 24. Qb2 {[%clk 0:01:25]}  Nd7 {[%clk 0:01:00]} 25. Bc3 {[%clk 0:01:16]}  Bd3 {[%clk 0:00:58]} 26. e4 {[%clk 0:01:08]}  Bxf1 {[%clk 0:00:58]} 27. Bxf1 {[%clk 0:01:07]}  Ne5 {[%clk 0:00:56]} 28. Qe2 {[%clk 0:01:04]}  f6 {[%clk 0:00:55]} 29. f4 {[%clk 0:01:04]}  Nd7 {[%clk 0:00:53]} 30. Bh3 {[%clk 0:01:01]}  b5 {[%clk 0:00:52]} 31. Be6+ {[%clk 0:01:01]}  Kg7 {[%clk 0:00:51]} 32. cxb5 {[%clk 0:00:59]}  axb5 {[%clk 0:00:51]} 33. Qxb5 {[%clk 0:00:59]}  Nf8 {[%clk 0:00:49]} 34. f5 {[%clk 0:00:56]}  Rxa2 {[%clk 0:00:46]} 35. Rf1 {[%clk 0:00:45]}  g5 {[%clk 0:00:44]} 36. Qd3 {[%clk 0:00:42]}  Rea8 {[%clk 0:00:39]} 37. Qe3 {[%clk 0:00:42]}  h6 {[%clk 0:00:38]} 38. e5 {[%clk 0:00:37]}  dxe5 {[%clk 0:00:32]} 39. Bxe5 {[%clk 0:00:36]}  Nd7 {[%clk 0:00:25]} 40. d6 {[%clk 0:00:29]}  Qe8 {[%clk 0:00:22]} 41. Bc3 {[%clk 0:00:28]}  Nf8 {[%clk 0:00:19]} 42. Qe4 {[%clk 0:00:25]}  Rd8 {[%clk 0:00:18]} 43. Qd5 {[%clk 0:00:24]}  Ra6 {[%clk 0:00:14]} 44. Re1 {[%clk 0:00:15]}  Raxd6 {[%clk 0:00:13]} 45. Bxf6+ {[%clk 0:00:15]}  Kh7 {[%clk 0:00:11]} 46. Qe5 {[%clk 0:00:11]}  Nxe6 {[%clk 0:00:08]} 47. fxe6 {[%clk 0:00:12]}  Rd1 {[%clk 0:00:05]} 48. Bxd8 {[%clk 0:00:11]}  Qxd8 {[%clk 0:00:03]} 49. Qf5+ {[%clk 0:00:10]}  Kh8 {[%clk 0:00:03]} 50. Qe5+ {[%clk 0:00:09]}  Kh7 {[%clk 0:00:03]} 51. e7 {[%clk 0:00:09]}  Rxe1+ {[%clk 0:00:02]} 52. Qxe1 {[%clk 0:00:10]}  Qe8 {[%clk 0:00:00]} 53. Qe6 {[%clk 0:00:09]} 1-0

[Event "April 9 Late 2024"]
[Site "Chess.com"]
[Date "2024.04.09"]
[Round "3"]
[White "Ferriz Barrios, Andres"]
[Black "Balla, Tamas-Kristof"]
[Result "1-0"]
[Board "119"]
[WhiteFideId "5104467"]
[BlackFideId "1208497"]
[WhiteTitle "FM"]
[BlackTitle "IM"]
[WhiteElo "2329"]
[BlackElo "2553"]
[WhiteTeam "MEX"]
[BlackTeam "ROU"]
[WhiteClock "0:02:18"]
[BlackClock "0:01:02"]
[Variant "Standard"]

1. d4 {[%clk 0:02:54]}  d5 {[%clk 0:02:59]} 2. Nf3 {[%clk 0:02:55]}  Nf6 {[%clk 0:02:59]} 3. e3 {[%clk 0:02:56]}  Bg4 {[%clk 0:02:58]} 4. h3 {[%clk 0:02:55]}  Bh5 {[%clk 0:02:58]} 5. g4 {[%clk 0:02:55]}  Bg6 {[%clk 0:02:58]} 6. Ne5 {[%clk 0:02:56]}  Nbd7 {[%clk 0:02:35]} 7. h4 {[%clk 0:02:55]}  h5 {[%clk 0:02:15]} 8. Nxg6 {[%clk 0:02:55]}  fxg6 {[%clk 0:02:15]} 9. Bd3 {[%clk 0:02:54]}  Kf7 {[%clk 0:02:05]} 10. g5 {[%clk 0:02:51]}  Ne4 {[%clk 0:01:56]} 11. Nc3 {[%clk 0:02:50]}  e5 {[%clk 0:01:44]} 12. Nxe4 {[%clk 0:02:45]}  dxe4 {[%clk 0:01:44]} 13. Bxe4 {[%clk 0:02:46]}  Bd6 {[%clk 0:01:35]} 14. Qf3+ {[%clk 0:02:39]}  Kg8 {[%clk 0:01:35]} 15. Bxg6 {[%clk 0:02:39]}  Qe7 {[%clk 0:01:35]} 16. Be4 {[%clk 0:02:27]}  exd4 {[%clk 0:01:30]} 17. Bd5+ {[%clk 0:02:26]}  Kh7 {[%clk 0:01:30]} 18. g6+ {[%clk 0:02:25]}  Kxg6 {[%clk 0:01:18]} 19. Rg1+ {[%clk 0:02:24]}  Kh7 {[%clk 0:01:02]} 20. Qxh5# {[%clk 0:02:18]} 1-0

[Event "April 9 Late 2024"]
[Site "Chess.com"]
[Date "2024.04.09"]
[Round "3"]
[White "Laskakis, Konstantinos"]
[Black "Sitbon, Itay"]
[Result "1-0"]
[Board "120"]
[WhiteFideId "42134374"]
[BlackFideId "2820706"]
[WhiteElo "2325"]
[BlackElo "2552"]
[WhiteTeam "GRE"]
[BlackTeam "ISR"]
[WhiteClock "0:00:15"]
[BlackClock "0:00:07"]
[Variant "Standard"]

1. e4 {[%clk 0:03:00]}  e6 {[%clk 0:02:57]} 2. d3 {[%clk 0:03:00]}  d5 {[%clk 0:02:57]} 3. Nd2 {[%clk 0:03:00]}  c5 {[%clk 0:02:55]} 4. Ngf3 {[%clk 0:02:59]}  Nc6 {[%clk 0:02:55]} 5. g3 {[%clk 0:02:59]}  Nf6 {[%clk 0:02:51]} 6. Bg2 {[%clk 0:02:59]}  Be7 {[%clk 0:02:52]} 7. O-O {[%clk 0:02:59]}  O-O {[%clk 0:02:51]} 8. Re1 {[%clk 0:02:58]}  b6 {[%clk 0:02:52]} 9. e5 {[%clk 0:02:56]}  Nd7 {[%clk 0:02:51]} 10. Nf1 {[%clk 0:02:53]}  a5 {[%clk 0:02:48]} 11. h4 {[%clk 0:02:52]}  b5 {[%clk 0:02:42]} 12. Bf4 {[%clk 0:02:47]}  Re8 {[%clk 0:02:42]} 13. N1h2 {[%clk 0:02:47]}  Bb7 {[%clk 0:02:40]} 14. h5 {[%clk 0:02:45]}  d4 {[%clk 0:02:30]} 15. h6 {[%clk 0:02:40]}  g6 {[%clk 0:02:30]} 16. Ng4 {[%clk 0:02:35]}  Nb4 {[%clk 0:02:27]} 17. Qd2 {[%clk 0:02:20]}  Nd5 {[%clk 0:02:08]} 18. Bg5 {[%clk 0:02:20]}  a4 {[%clk 0:02:05]} 19. a3 {[%clk 0:02:14]}  Rc8 {[%clk 0:01:59]} 20. Bxe7 {[%clk 0:02:05]}  Qxe7 {[%clk 0:02:00]} 21. Ng5 {[%clk 0:02:04]}  N7b6 {[%clk 0:01:43]} 22. Ne4 {[%clk 0:02:00]}  Kh8 {[%clk 0:01:36]} 23. Nd6 {[%clk 0:01:56]}  Red8 {[%clk 0:01:32]} 24. Nxc8 {[%clk 0:01:54]}  Rxc8 {[%clk 0:01:32]} 25. c3 {[%clk 0:01:37]}  dxc3 {[%clk 0:01:22]} 26. bxc3 {[%clk 0:01:37]}  c4 {[%clk 0:01:21]} 27. d4 {[%clk 0:01:23]}  Bc6 {[%clk 0:01:19]} 28. Ne3 {[%clk 0:01:15]}  Qg5 {[%clk 0:01:00]} 29. Nxc4 {[%clk 0:01:05]}  Qxd2 {[%clk 0:00:51]} 30. Nxd2 {[%clk 0:01:05]}  Nxc3 {[%clk 0:00:48]} 31. Bxc6 {[%clk 0:00:59]}  Rxc6 {[%clk 0:00:49]} 32. Ne4 {[%clk 0:00:51]}  Ncd5 {[%clk 0:00:43]} 33. Rec1 {[%clk 0:00:46]}  Nc4 {[%clk 0:00:42]} 34. Nd6 {[%clk 0:00:42]}  Kg8 {[%clk 0:00:32]} 35. Nxb5 {[%clk 0:00:38]}  Kf8 {[%clk 0:00:33]} 36. Nd6 {[%clk 0:00:38]}  Ndb6 {[%clk 0:00:32]} 37. Rc3 {[%clk 0:00:34]}  Ke7 {[%clk 0:00:22]} 38. Rac1 {[%clk 0:00:34]}  Rxd6 {[%clk 0:00:17]} 39. exd6+ {[%clk 0:00:33]}  Nxd6 {[%clk 0:00:17]} 40. Rc7+ {[%clk 0:00:30]}  Kf6 {[%clk 0:00:18]} 41. R7c6 {[%clk 0:00:29]}  Nb5 {[%clk 0:00:14]} 42. Rxb6 {[%clk 0:00:28]}  Nxd4 {[%clk 0:00:15]} 43. Rc4 {[%clk 0:00:25]}  Nf3+ {[%clk 0:00:10]} 44. Kg2 {[%clk 0:00:24]}  Ne1+ {[%clk 0:00:10]} 45. Kf1 {[%clk 0:00:23]}  Nd3 {[%clk 0:00:11]} 46. Rxa4 {[%clk 0:00:22]}  Kg5 {[%clk 0:00:09]} 47. Ra7 {[%clk 0:00:21]}  Kxh6 {[%clk 0:00:07]} 48. Rxf7 {[%clk 0:00:21]}  Ne5 {[%clk 0:00:07]} 49. Re7 {[%clk 0:00:20]}  Nc4 {[%clk 0:00:07]} 50. Ra6 {[%clk 0:00:18]}  e5 {[%clk 0:00:06]} 51. a4 {[%clk 0:00:17]}  Nd2+ {[%clk 0:00:06]} 52. Ke2 {[%clk 0:00:17]}  Ne4 {[%clk 0:00:07]} 53. Rxe5 {[%clk 0:00:16]}  Nc3+ {[%clk 0:00:07]} 54. Kd3 {[%clk 0:00:16]}  Na2 {[%clk 0:00:08]} 55. Rb5 {[%clk 0:00:14]}  Nc1+ {[%clk 0:00:08]} 56. Kd2 {[%clk 0:00:14]}  Na2 {[%clk 0:00:08]} 57. Rb2 {[%clk 0:00:14]}  Kg5 {[%clk 0:00:07]} 58. Rxa2 {[%clk 0:00:14]}  h5 {[%clk 0:00:08]} 59. Rb6 {[%clk 0:00:15]}  Kg4 {[%clk 0:00:09]} 60. a5 {[%clk 0:00:15]}  Kg5 {[%clk 0:00:07]} 61. a6 {[%clk 0:00:15]} 1-0

[Event "April 9 Late 2024"]
[Site "Chess.com"]
[Date "2024.04.09"]
[Round "3"]
[White "Biastoch, Bennet"]
[Black "Palacio,Igor Da Paz"]
[Result "1-0"]
[Board "122"]
[WhiteFideId "12939889"]
[BlackFideId "2121140"]
[WhiteTitle "FM"]
[WhiteElo "2551"]
[BlackElo "2350"]
[WhiteTeam "GER"]
[BlackTeam "BRA"]
[WhiteClock "0:00:19"]
[BlackClock "0:00:01"]
[Variant "Standard"]

1. e4 {[%clk 0:03:00]}  d6 {[%clk 0:02:59]} 2. d4 {[%clk 0:03:00]}  Nf6 {[%clk 0:02:59]} 3. Nc3 {[%clk 0:03:00]}  g6 {[%clk 0:02:59]} 4. Nf3 {[%clk 0:03:00]}  Bg7 {[%clk 0:02:59]} 5. Be2 {[%clk 0:03:00]}  O-O {[%clk 0:02:58]} 6. O-O {[%clk 0:03:00]}  Nc6 {[%clk 0:02:53]} 7. d5 {[%clk 0:03:00]}  Nb8 {[%clk 0:02:52]} 8. a4 {[%clk 0:03:00]}  a5 {[%clk 0:02:49]} 9. h3 {[%clk 0:03:00]}  c6 {[%clk 0:02:48]} 10. Be3 {[%clk 0:02:59]}  c5 {[%clk 0:02:42]} 11. Re1 {[%clk 0:02:54]}  Na6 {[%clk 0:02:41]} 12. Bxa6 {[%clk 0:02:52]}  Rxa6 {[%clk 0:02:35]} 13. Nb5 {[%clk 0:02:49]}  Nxe4 {[%clk 0:02:29]} 14. c3 {[%clk 0:02:49]}  Nf6 {[%clk 0:02:24]} 15. Bg5 {[%clk 0:02:48]}  h6 {[%clk 0:02:15]} 16. Bh4 {[%clk 0:02:45]}  Re8 {[%clk 0:02:01]} 17. Qd2 {[%clk 0:02:43]}  Ra8 {[%clk 0:01:58]} 18. Re2 {[%clk 0:02:41]}  Bd7 {[%clk 0:01:54]} 19. Rae1 {[%clk 0:02:40]}  g5 {[%clk 0:01:40]} 20. Bg3 {[%clk 0:02:36]}  Bf5 {[%clk 0:01:40]} 21. h4 {[%clk 0:02:33]}  g4 {[%clk 0:01:36]} 22. Nh2 {[%clk 0:02:33]}  h5 {[%clk 0:01:22]} 23. Nf1 {[%clk 0:02:32]}  c4 {[%clk 0:01:14]} 24. Qg5 {[%clk 0:02:16]}  Bg6 {[%clk 0:01:09]} 25. Nd4 {[%clk 0:01:53]}  Qd7 {[%clk 0:01:02]} 26. Ne6 {[%clk 0:01:40]}  Nh7 {[%clk 0:00:51]} 27. Qf4 {[%clk 0:01:14]}  fxe6 {[%clk 0:00:50]} 28. Rxe6 {[%clk 0:01:13]}  Bf7 {[%clk 0:00:46]} 29. R1e4 {[%clk 0:00:56]}  Rf8 {[%clk 0:00:46]} 30. Rxe7 {[%clk 0:00:55]}  Qxa4 {[%clk 0:00:42]} 31. Qf5 {[%clk 0:00:49]}  Qb5 {[%clk 0:00:35]} 32. Ne3 {[%clk 0:00:42]}  Rae8 {[%clk 0:00:23]} 33. Bxd6 {[%clk 0:00:42]}  Rxe7 {[%clk 0:00:22]} 34. Bxe7 {[%clk 0:00:41]}  Re8 {[%clk 0:00:21]} 35. Qf4 {[%clk 0:00:21]}  Bxd5 {[%clk 0:00:14]} 36. Qf5 {[%clk 0:00:21]}  Bc6 {[%clk 0:00:07]} 37. Qe6+ {[%clk 0:00:21]}  Kh8 {[%clk 0:00:07]} 38. Rf4 {[%clk 0:00:20]}  Qxb2 {[%clk 0:00:05]} 39. Nf5 {[%clk 0:00:20]}  Qb1+ {[%clk 0:00:03]} 40. Kh2 {[%clk 0:00:19]}  Qd3 {[%clk 0:00:02]} 41. Nxg7 {[%clk 0:00:19]}  Kxg7 {[%clk 0:00:02]} 42. Rf7+ {[%clk 0:00:18]}  Kh8 {[%clk 0:00:01]} 43. Bf6+ {[%clk 0:00:18]}  Nxf6 {[%clk 0:00:02]} 44. Qxf6+ {[%clk 0:00:19]}  Kg8 {[%clk 0:00:01]} 45. Qg7# {[%clk 0:00:19]} 1-0

[Event "April 9 Late 2024"]
[Site "Chess.com"]
[Date "2024.04.10"]
[Round "3"]
[White "Asish Panda"]
[Black "Tang, Benjamin"]
[Result "1-0"]
[Board "123"]
[WhiteFideId "45012458"]
[BlackFideId "30964342"]
[BlackTitle "FM"]
[WhiteElo "2549"]
[BlackElo "2320"]
[WhiteTeam "IND"]
[BlackTeam "USA"]
[WhiteClock "0:01:39"]
[BlackClock "0:01:30"]
[Variant "Standard"]

1. e4 {[%clk 0:03:00]}  e6 {[%clk 0:02:59]} 2. Nf3 {[%clk 0:03:01]}  d5 {[%clk 0:02:59]} 3. Nc3 {[%clk 0:03:01]}  Nf6 {[%clk 0:02:59]} 4. e5 {[%clk 0:03:01]}  Nfd7 {[%clk 0:03:00]} 5. d4 {[%clk 0:03:01]}  c5 {[%clk 0:03:00]} 6. dxc5 {[%clk 0:03:02]}  Nc6 {[%clk 0:03:00]} 7. Bf4 {[%clk 0:03:02]}  Nxc5 {[%clk 0:03:01]} 8. Bd3 {[%clk 0:03:02]}  Be7 {[%clk 0:03:01]} 9. h4 {[%clk 0:03:02]}  O-O {[%clk 0:02:58]} 10. Bxh7+ {[%clk 0:03:01]}  Kh8 {[%clk 0:02:35]} 11. Bd3 {[%clk 0:02:52]}  Nxd3+ {[%clk 0:02:31]} 12. Qxd3 {[%clk 0:02:49]}  f6 {[%clk 0:02:25]} 13. exf6 {[%clk 0:02:41]}  gxf6 {[%clk 0:02:23]} 14. Qg6 {[%clk 0:02:38]}  Qe8 {[%clk 0:02:14]} 15. Qh6+ {[%clk 0:02:37]}  Kg8 {[%clk 0:02:14]} 16. Ng5 {[%clk 0:02:28]}  fxg5 {[%clk 0:01:48]} 17. hxg5 {[%clk 0:02:29]}  Rxf4 {[%clk 0:01:48]} 18. Qh8+ {[%clk 0:02:01]}  Kf7 {[%clk 0:01:48]} 19. Rh7+ {[%clk 0:01:56]}  Kg6 {[%clk 0:01:47]} 20. Rg7+ {[%clk 0:01:55]}  Kf5 {[%clk 0:01:47]} 21. Qxe8 {[%clk 0:01:51]}  d4 {[%clk 0:01:30]} 22. Ne2 {[%clk 0:01:39]} 1-0